Pandillas y maras: protagonistas y chivos expiatorios /

Shranjeno v:
Bibliografske podrobnosti
Glavni avtor: Rodgers, Dennis
Format: Texto
Oznake: Označite
Brez oznak, prvi označite!

MARC

LEADER 00000 a a2200000 04500
001 45409
003
040
100 |a Rodgers, Dennis  
245 |a Pandillas y maras:   |b protagonistas y chivos expiatorios /  |c Dennis Rodgers  
773 |g volumen26, número309 ( , 2007), páginas 37-43  
999 |c 27871  |d 27871